[Event "Petrov mem"]
[Site "St Petersburg"]
[Date "1998.??.??"]
[Round "6"]
[White "Volzhin, Alexander"]
[Black "Yemelin, Vasily"]
[Result "1-0"]
[WhiteElo "2510"]
[BlackElo "2485"]

1.d4 Nf6 2.c4 e6 3.g3 Bb4+ 4.Bd2 c5 5.Bg2 Qb6 6.d5 Bxd2+ 7.Qxd2 exd5 8.cxd5 O-O
9.Nc3 d6 10.Nf3 Bg4 11.Nh4 Na6 12.h3 Bd7 13.O-O Rfe8 14.b3 Rac8 15.Rab1 Qa5
16.Rb2 b5 17.Rc1 Qb6 18.Qf4 Re5 19.Nf3 Rf5 20.Qh4 Rh5 21.Qf4 Bxh3 22.Bxh3 Rxh3
23.Qf5  1-0

[Event "St Petersburg (Women)"]
[Site "St Petersburg"]
[Date "1998.??.??"]
[Round "8"]
[White "Polyakova, Natalia"]
[Black "Sudakova, Irina"]
[Result "1/2-1/2"]
[WhiteElo "2215"]
[BlackElo "2180"]

1.d4 Nf6 2.c4 e6 3.g3 Bb4+ 4.Nd2 O-O 5.Bg2 d5 6.Nf3 c5 7.O-O cxd4 8.cxd5 Nxd5
9.Nb3 Nc6 10.Nbxd4 Nxd4 11.Nxd4 Qb6 12.e4 Ne7 13.Be3 Rd8 14.Nc2 Qa5 15.Qe2 Bd7
16.Nxb4 Qxb4 17.Rfc1 Bb5 18.Qh5 b6 19.b3 Rac8 20.h4 Bd3 21.Qe5 Ng6 22.Qb2 h6
23.a3 Qb5 24.Bd4 e5 25.Be3 Nf8 26.a4 Qe8 27.a5 Qb5 28.axb6 axb6 29.Ra7 Rxc1+
30.Qxc1 Qxb3 31.Qc6 Qe6 32.Qxe6 Nxe6 33.Bxb6 Rb8 34.Be3 Rb1+ 35.Kh2 Rb4 36.Ra5 Bxe4
37.Rxe5 Bxg2 38.Kxg2 Rb2 39.Ra5  1/2-1/2

[Event "4 Nations-J"]
[Site "Tjele"]
[Date "1998.??.??"]
[Round "3"]
[White "Karttunen, Mika"]
[Black "Skytte, Rasmus"]
[Result "1/2-1/2"]
[WhiteElo "2245"]
[BlackElo "2205"]

1.d4 Nf6 2.c4 e6 3.g3 Bb4+ 4.Bd2 Qe7 5.Bg2 Bxd2+ 6.Qxd2 d6 7.Nf3 e5 8.Nc3 O-O
9.O-O c6 10.e4 Re8 11.h3 Nbd7 12.Rfe1 Nf8 13.Rad1 Ng6 14.Kh2 h6  1/2-1/2

[Event "Vienna op 13th"]
[Site "Vienna"]
[Date "1998.??.??"]
[Round "?"]
[White "Haba, Petr"]
[Black "Strauss, Anton"]
[Result "1-0"]
[WhiteElo "2570"]
[BlackElo "2270"]

1.d4 Nf6 2.c4 e6 3.g3 Bb4+ 4.Nd2 Nc6 5.Nf3 d5 6.Bg2 dxc4 7.O-O c3 8.Nc4 O-O
9.Rb1 e5 10.bxc3 e4 11.Nfe5 Bxc3 12.Nxc6 bxc6 13.Ba3 Re8 14.Qa4 Bg4 15.e3 Be2
16.Rfc1 Nd5 17.Bf1 Nb6 18.Qb3 Bxf1 19.Kxf1 Nxc4 20.Qxc4 Ba5 21.Qxc6 Re6 22.Qc4 Rh6
23.Kg1 Qd7 24.Qb5 Qxb5 25.Rxb5 Bb6 26.Re5 Re6 27.Rxe6 fxe6 28.Rc6 Kf7 29.g4 Rd8
30.Bc5 Rd7 31.Kg2 Kf6 32.Kg3 Rd5 33.Kf4 h5 34.h3 hxg4 35.hxg4 Rg5 36.Be7+ Kxe7
37.Kxg5  1-0

[Event "Vienna op 13th"]
[Site "Vienna"]
[Date "1998.??.??"]
[Round "?"]
[White "Ulibin, Mikhail"]
[Black "Alienkin, Aleksander"]
[Result "1-0"]
[WhiteElo "2575"]
[BlackElo "2415"]

1.d4 Nf6 2.c4 e6 3.g3 Bb4+ 4.Bd2 Be7 5.Bg2 d5 6.Nf3 O-O 7.O-O dxc4 8.Qc2 a6
9.Qxc4 Nbd7 10.Qc2 c5 11.Rd1 Qb6 12.Be1 cxd4 13.Nxd4 Ne5 14.Qb3 Qxb3 15.axb3 Rb8
16.Ba5 Ned7 17.Nd2 Bc5 18.Bc3 e5 19.Nc2 b5 20.Nb4 Bxb4 21.Bxb4 Re8 22.Ne4 Nxe4
23.Bxe4 Bb7 24.Bxb7 Rxb7 25.Rxa6 Nf6 26.f3 e4 27.f4 h6 28.Bc3 Ng4 29.Rdd6 b4
30.Bd4 h5 31.h3 Nh6 32.Rxh6 gxh6 33.Rxh6 f6 34.Rxf6 e3 35.Rh6 Re4 36.Rh8+  1-0

[Event "Basel Hilton op"]
[Site "Basel"]
[Date "1999.01.03"]
[Round "4"]
[White "Ruck, Robert"]
[Black "Sokolov, Andrei"]
[Result "1/2-1/2"]
[WhiteElo "2485"]
[BlackElo "2565"]

1.d4 Nf6 2.c4 e6 3.g3 Bb4+ 4.Bd2 Be7 5.Bg2 d5 6.Nf3 O-O 7.Qc2 Nbd7 8.O-O c5
9.dxc5 Nxc5 10.Rd1 Bd7 11.cxd5 exd5 12.Nc3 Rc8 13.Be3 Nce4 14.Bd4 Bc5 15.Qb3 Bxd4
16.Nxd4 Nxc3 17.bxc3 Qa5 18.Qxb7 Rxc3 19.Nb3 Qa3 20.Nd4 Qa5 21.Nf3 Qa3 22.Nd4  1/2-1/2

[Event "South Wales 2nd"]
[Site "Newport"]
[Date "1999.01.15"]
[Round "9"]
[White "Baker, Chris W"]
[Black "Devereaux, Maxim"]
[Result "1-0"]
[WhiteElo "2390"]
[BlackElo "2220"]

1.d4 Nf6 2.c4 e6 3.g3 Bb4+ 4.Bd2 Qe7 5.Nf3 O-O 6.Bg2 Bxd2+ 7.Qxd2 d5 8.O-O Nbd7
9.Qc2 dxc4 10.Na3 Nb6 11.Nxc4 Nxc4 12.Qxc4 Rd8 13.Rfc1 c6 14.Qc5 Kf8 15.e3 Bd7
16.b4 Be8 17.Ne5 Nd5 18.Rab1 f6 19.Nc4 b6 20.Qxe7+ Kxe7 21.a4 b5 22.axb5 cxb5
23.Bxd5 Rxd5 24.Na5 e5 25.Rc7+ Kf8 26.Nb3 exd4 27.Nxd4 Re5 28.Ra1 a6 29.Kg2 Re7
30.Rc5 a5 31.Nxb5 Rb8 32.Rxa5 Re4 33.Nd4 Rxb4 34.Ra7 Ra4 35.Rac7 Re7 36.Rxe7 Kxe7
37.Rc7+ Bd7 38.Nb3 Rg4 39.h3 Rg6 40.Nc5 Kd6 41.Rxd7+ Kxc5 42.f4 Kc6 43.Ra7 h5
44.Kf3 Kb6 45.Rf7 Kc6 46.e4 Kc5 47.f5 Rg5 48.Kf4  1-0

[Event "Nova Gorica op"]
[Site "Nova Gorica"]
[Date "1999.01.28"]
[Round "1"]
[White "Marjanovic, Slavoljub"]
[Black "Fercec, Nenad"]
[Result "0-1"]
[WhiteElo "2451"]
[BlackElo "2495"]

1.d4 Nf6 2.c4 e6 3.g3 Bb4+ 4.Bd2 Qe7 5.Bg2 O-O 6.Nf3 Bxd2+ 7.Qxd2 d6 8.O-O e5
9.dxe5 dxe5 10.Rd1 Re8 11.Nc3 c6 12.Qd6 Qxd6 13.Rxd6 Bf5 14.Rad1 Nbd7 15.e4 Bg4
16.h3 Bxf3 17.Bxf3 Nc5 18.b4 Ne6 19.Kg2 Kf8 20.b5 Rac8 21.bxc6 Rxc6 22.Rxc6 bxc6
23.Be2 Ke7 24.f3 Rb8 25.Rd2 Nd7 26.Kf2 Ndc5 27.Ke3 Rb6 28.f4 Ra6 29.f5 Ra3
30.Rc2 Na4 31.Kd2 Nd4 32.Nxa4 Nxc2 33.Kxc2 Rxa4 34.Kb2 Ra5  0-1

[Event "HUN-ch (Women)"]
[Site "Lillafured"]
[Date "1999.02.08"]
[Round "8"]
[White "Horvath, Julia"]
[Black "Csoke, Adrienn"]
[Result "1-0"]
[WhiteElo "2248"]
[BlackElo "2184"]

1.d4 Nf6 2.c4 e6 3.g3 Bb4+ 4.Bd2 Qe7 5.Bg2 O-O 6.Nf3 Bxd2+ 7.Qxd2 Ne4 8.Qc2 f5
9.O-O d6 10.Nc3 Nxc3 11.Qxc3 a5 12.c5 Nd7 13.Rac1 Nf6 14.Nd2 e5 15.cxd6 cxd6
16.dxe5 dxe5 17.Nc4 Be6 18.Qxe5 Ng4 19.Qd6 Qf6 20.h3 Nh6 21.Bxb7 Nf7 22.Qc5 Rad8
23.b3 f4 24.Bg2 Qh6 25.h4 g5 26.Ne5 gxh4 27.Nxf7 Rxf7 28.Qe5 Rf5 29.Qc7 Rdf8
30.Rc3 h3 31.Be4 h2+ 32.Kh1 Rg5 33.gxf4 Rg7 34.Qe5 Bh3 35.Rfc1 Bd7 36.Rg3 Rxg3
37.fxg3 Qh3 38.Bd5+ Rf7 39.Qg5+ Kf8 40.Bxf7 Kxf7  1-0

[Event "Portuguese Masters"]
[Site "Caldas de Felgueira"]
[Date "1999.02.27"]
[Round "8"]
[White "Santos, Antonio P"]
[Black "Ribeiro, Fernando"]
[Result "0-1"]
[WhiteElo "2266"]
[BlackElo "2286"]

1.d4 Nf6 2.c4 e6 3.g3 Bb4+ 4.Bd2 Qe7 5.Bg2 O-O 6.Nf3 d5 7.Qb3 Bxd2+ 8.Nbxd2 c6
9.O-O Nbd7 10.Rfe1 b6 11.e4 dxe4 12.Nxe4 Nxe4 13.Rxe4 Bb7 14.Re3 Rfd8 15.c5 Rab8
16.Qa3 Nf6 17.Rb3 b5 18.Rd3 Qc7 19.Ne5 a5 20.Rad1 Nd5 21.Be4 f6 22.Nf3 a4
23.R3d2 Qf7 24.Qd3 Qh5 25.a3 Bc8 26.Re1 b4 27.axb4 Rxb4 28.Qe2 Rb3 29.Bd3 e5
30.Nh4 Qxe2 31.Bxe2 exd4 32.Rxd4 Rxb2 33.Rxa4 Re8 34.Ra8 Kf8 35.Ng2 Nc7 36.Ra7 Ne6
37.Bh5 g6 38.Bd1 Ng5 39.Rxe8+ Kxe8 40.Kf1 Bh3 41.Ra8+ Ke7 42.Ra7+ Ke6 43.Ra4 Kd5
44.Kg1 Kxc5 45.Ne3 Be6 46.Bg4 f5 47.h4 Nf7 48.Bh3 Ra2 49.Rxa2 Bxa2 50.h5 Be6
51.hxg6 hxg6 52.Kf1 Ne5 53.Ke2 Kd4 54.Bg2 c5 55.Bb7 Bb3 56.Bc8 Ba4 57.Be6 Bb5+
58.Kd1 Nd3 59.Nc2+ Ke5 60.Bf7 Nxf2+ 61.Ke1 Nd3+ 62.Kd2 g5 63.Bg6 Nf2 64.Ke3 Ng4+
65.Kd2 Bc6 66.Na3 Bd5 67.Nb5 Nf2 68.Ke3 Ne4 69.Nc7 Bc6 70.Na6 Bb7 71.Nb8 Nf6
72.Kd3 f4 73.gxf4+ gxf4 74.Kc4 Kd6 75.Kb5 Be4 76.Bf7 Bd3+ 77.Bc4 Bxc4+ 78.Kxc4 f3
79.Kd3 Nd5 80.Na6 Nb4+  0-1

[Event "BL2-O9899"]
[Site "Germany"]
[Date "1999.03.07"]
[Round "7.4"]
[White "Hackel, Mario"]
[Black "Lorenz, Gerd"]
[Result "0-1"]
[WhiteElo "2345"]
[BlackElo "2350"]

1.d4 Nf6 2.c4 e6 3.g3 Bb4+ 4.Nd2 O-O 5.Bg2 d5 6.Nf3 dxc4 7.Qc2 b5 8.a4 c6
9.axb5 Qd5 10.bxc6 Bxd2+ 11.Bxd2 Nxc6 12.O-O Bb7 13.e3 Rfc8 14.Rfc1 Ne7 15.Bb4 Nf5
16.Ra5 Qd8 17.Qa4 Bc6 18.Qa3 Bd5 19.h3 h5 20.Ne5 Qb6 21.Bc5 Qb7 22.Bf1 Ne4
23.Nxc4 f6 24.Ra1 Qf7 25.Bg2 Qg6 26.Bxe4 Bxe4 27.Kh2 Nh4 28.Nd2 Qf5 29.f4 Nf3+
30.Nxf3 Bxf3 31.Qc3 Bd5 32.Qd2 Qe4 33.b4 Rc7 34.Qe2 Rac8 35.Rf1 g6 36.Ra3 Rg7
37.Raa1 Rcc7 38.f5 exf5 39.Rf4 Qe6 40.Ra6 Rc6 41.Ra5 Rd7 42.b5 Rc8 43.Ra6 Qf7
44.Qb2 Re8 45.Qa3 Ba8 46.Kg1 Qd5 47.Qa2 Rxe3 48.Qxd5+ Bxd5 49.Kf2 Rb3 50.g4 hxg4
51.hxg4 Rh7 52.Rxf6 Rh2+ 53.Kg1 Rg2+  0-1

[Event "ISR-chT"]
[Site "Israel"]
[Date "1999.04.23"]
[Round "9"]
[White "Mikhalevski, Victor"]
[Black "Rechlis, Gad"]
[Result "1/2-1/2"]
[WhiteElo "2531"]
[BlackElo "2514"]

1.d4 Nf6 2.c4 e6 3.g3 Bb4+ 4.Bd2 Be7 5.Bg2 d5 6.Nf3 O-O 7.O-O c6 8.Qc2 Nbd7
9.Bf4 Nh5 10.Bc1 Nhf6 11.b3 b5 12.c5 Ne4 13.Bb2 a5 14.Ne5 Nxe5 15.Bxe4 f5
16.Bg2 Ng4 17.Nd2 f4 18.Rae1 fxg3 19.hxg3 Qe8 20.Bf3 Qh5 21.Bxg4 Qxg4 22.Nf3 Qh3
23.Ne5 Rf5 24.g4 Rxe5 25.dxe5 Qxg4+ 26.Kh2 Qh5+ 27.Kg2 Qg5+ 28.Kh2 Qh4+ 29.Kg2 Qg4+
30.Kh2 Bd7 31.Qc3 Rf8 32.Qg3 Qh5+ 33.Qh3 Qf5 34.Qg3 Qc2 35.Rg1 g6 36.Bd4 Rf5
37.Qd3 Rh5+ 38.Kg2 Qxd3 39.exd3 Rh4 40.Be3 d4 41.Bd2 b4  1/2-1/2

[Event "Kastav"]
[Site "Kastav"]
[Date "1999.04.25"]
[Round "2"]
[White "Petrov, Jole"]
[Black "Cucancic, Sinisa"]
[Result "1/2-1/2"]
[WhiteElo "2421"]
[BlackElo "2248"]

1.d4 Nf6 2.c4 e6 3.g3 Bb4+ 4.Bd2 c5 5.Bxb4 cxb4 6.Bg2 O-O 7.Nf3 d6 8.O-O Re8
9.a3 bxa3 10.Rxa3 Nc6 11.Nc3 a6 12.Qd2 Bd7 13.Rd1 Qc7 14.d5 Nb4 15.dxe6 Bxe6
16.Na4 a5 17.Nd4 d5 18.Nxe6 fxe6 19.cxd5 exd5 20.e3 Rad8 21.Rc3 Qe7 22.Qd4 Ne4
23.Rcc1 Rf8 24.f4 Rfe8 25.Nb6 Nf6 26.Re1 h6 27.h3 Kh7 28.g4 Ne4 29.Re2 Nc6
30.Qd3 Nb4 31.Qd4 Qd6 32.Ree1 Re6 33.Na4 Nc6 34.Qb6 Qe7 35.Nc5 Nxc5 36.Qxc5 Red6
37.Red1 b6 38.Qc3 Nb4 39.Qd4 Re6 40.Rc3 Re8 41.Re1 Qf6 42.Qxf6 gxf6 43.Rb3 Nc2
44.Rd1 Nxe3 45.Rdd3 Nxg2 46.Kxg2 Rd6 47.Rb5 Re2+ 48.Kf3 Rc2 49.Ke3 Kg7 50.Rdb3 Rcc6
51.Rd3 Rc5 52.Rdb3 d4+ 53.Kd3 Rxb5 54.Rxb5 Kf7 55.Rh5 Kg6 56.Rb5 Kg7 57.Rh5 Kg6
58.Rb5 Kg7  1/2-1/2

[Event "Capablanca mem Premier II"]
[Site "Havana"]
[Date "1999.05.17"]
[Round "9"]
[White "Gomez, Felix"]
[Black "Narciso Dublan, Marc"]
[Result "1-0"]
[WhiteElo "2463"]
[BlackElo "2469"]

1.d4 e6 2.c4 Nf6 3.g3 Bb4+ 4.Bd2 c5 5.Bg2 Bxd2+ 6.Qxd2 cxd4 7.Nf3 d6 8.Nxd4 a6
9.O-O O-O 10.Nc3 Nbd7 11.Rfd1 Ne5 12.b3 Qc7 13.Nf3 Nxf3+ 14.Bxf3 Rd8 15.Rac1 Rb8
16.Qf4 e5 17.Qe3 Be6 18.Rd3 Bf5 19.Nd5 Nxd5 20.Rxd5 Be6 21.Rdd1 Qa5 22.Rc2 b5
23.cxb5 axb5 24.Bd5 Bxd5 25.Rxd5 h6 26.Qd2 Qa3 27.Qd3 Qb4 28.Rc6 e4 29.Qd1 Qa3
30.Qd2 Ra8 31.Rc2 Qa6 32.Qd4 Rdc8 33.Rd2 Rc1+ 34.Kg2 Re8 35.Rxd6 Qb7 36.Rd7 Rc7
37.e3 Rxd7 38.Qxd7 Qb8 39.Rd5 b4 40.Rb5 Qa8 41.Rxb4 Re6 42.a4  1-0

[Event "Ljubljana op 10th"]
[Site "Ljubljana"]
[Date "1999.06.27"]
[Round "3"]
[White "Sebenik, Matej"]
[Black "Jakovljevic, Vlado"]
[Result "1/2-1/2"]
[WhiteElo "2154"]
[BlackElo "2296"]

1.d4 Nf6 2.c4 e6 3.g3 Bb4+ 4.Bd2 Be7 5.Bg2 d5 6.Nf3 O-O 7.O-O c6 8.Qb3 b6
9.Bf4 Ba6 10.Nbd2 Nbd7 11.Rfe1 b5 12.c5 Re8 13.Bh3 Bb7 14.a4 Ba6 15.a5 Bc8
16.Ne5 Nxe5 17.Bxe5 Nd7 18.Nf3 Nxe5 19.Nxe5 Qc7 20.f4 a6 21.e4 dxe4 22.Rxe4 Bf8
23.Rf1 g6 24.Qc3 Bg7 25.b4 Bb7 26.Bg2 Rad8 27.Rfe1 Re7 28.R4e3 Rde8 29.Bf1 Rd8
30.Bd3 Red7 31.Re4 f5 32.R4e3 Rxd4 33.Bb1 Rd1 34.Ba2 Bc8 35.Bb3 Rxe1+ 36.Rxe1 Bf6
37.h4 Kg7 38.Kf2 h6 39.Ke3 Bxe5 40.Qxe5+ Qxe5+ 41.fxe5 g5 42.Rd1 Rxd1 43.Bxd1 Bd7
44.hxg5 hxg5 45.Bf3 Kh6 46.Be2 Be8 47.Bd1 Kg6 48.Be2 Kg7 49.Bf3 Kg6 50.Be2 Kh6
51.Bd1 Bh5 52.Bb3 Bf7 53.Bd1 Be8 54.Be2 Bh5 55.Bf1 Bg6 56.Bg2 Be8 57.Bf1  1/2-1/2

[Event "Haarlem AKN op 8th"]
[Site "Haarlem"]
[Date "1999.07.04"]
[Round "5"]
[White "Van Kooten, Luuk"]
[Black "Chuchelov, Vladimir"]
[Result "0-1"]
[WhiteElo "2331"]
[BlackElo "2533"]

1.d4 Nf6 2.c4 e6 3.g3 Bb4+ 4.Nd2 c5 5.Nf3 cxd4 6.Nxd4 Qb6 7.e3 Nc6 8.Nf3 O-O
9.Bg2 d5 10.O-O Rd8 11.Qc2 Bd7 12.a3 Qa6 13.c5 b6 14.cxb6 axb6 15.Rb1 Be7
16.b4 Na7 17.Re1 Rdc8 18.Qb2 Nb5 19.Bf1 Qxa3 20.Qe5 Qc3 21.Qg5 Ra2 22.Rb3 Qc7
23.Bd3 h6 24.Qh4 Ra1 25.Bb2 Rxe1+ 26.Nxe1 Nd6 27.Rc3 Qd8 28.Rxc8 Qxc8 29.Qd4 Qc7
30.Nef3 Bb5 31.Bxb5 Nxb5 32.Qd3 Nd6 33.Ne5 b5 34.Nb3 Nc4 35.Qc3 Ne4  0-1

[Event "Korinthos op 3rd"]
[Site "Korinthos"]
[Date "1999.07.11"]
[Round "8"]
[White "Nikolaidis, Ioannis"]
[Black "Gelashvili, Tamaz"]
[Result "1/2-1/2"]
[WhiteElo "2505"]
[BlackElo "2531"]

1.d4 Nf6 2.c4 e6 3.g3 Bb4+ 4.Bd2 Be7 5.Bg2 d5 6.Nf3 O-O 7.O-O c6 8.Qb3 b6
9.Nc3 Bb7 10.Rac1 Nbd7 11.cxd5 exd5 12.Bg5 Ne4 13.Bxe7 Qxe7 14.e3 Rfe8 15.Rfe1 g6
16.Ne2 c5 17.dxc5 Ndxc5 18.Qa3 a5 19.Nf4 Qf6 20.Rc2  1/2-1/2

[Event "Komercni Banka op"]
[Site "Pardubice"]
[Date "1999.07.16"]
[Round "1"]
[White "Hudecek, Jan"]
[Black "Anka, Emil"]
[Result "0-1"]
[WhiteElo "2287"]
[BlackElo "2487"]

1.d4 Nf6 2.c4 e6 3.g3 Bb4+ 4.Nd2 O-O 5.Bg2 d5 6.Nf3 c6 7.O-O Nbd7 8.Qc2 b6
9.Rd1 Bb7 10.e4 Rc8 11.b3 c5 12.e5 Ne8 13.a3 Bxd2 14.Bxd2 cxd4 15.Bb4 dxc4
16.bxc4 Bxf3 17.Bxf3 Nxe5 18.Be2 Nf6 19.Bxf8 Kxf8 20.Qb2 Nc6 21.Bf3 e5 22.Re1 Qd6
23.Qb5 Nd7 24.Bg4 Rc7 25.Qd5 Qe7 26.Bxd7 Qxd7 27.f4 exf4 28.Rad1 fxg3 29.hxg3 h6
30.Re4 g6 31.Rf4 Kg7 32.Rdf1 Qe8 33.Re4 Qc8 34.Rff4 Nd8 35.Qe5+ Kh7 36.Qe8 Qd7
37.Qf8 d3 38.Rh4 h5  0-1

[Event "Dutch Open"]
[Site "Dieren"]
[Date "1999.07.27"]
[Round "8"]
[White "Van Beek, Lucien"]
[Black "Plasman, Hans"]
[Result "1-0"]
[WhiteElo "2326"]
[BlackElo "2152"]

1.d4 Nf6 2.c4 e6 3.g3 Bb4+ 4.Bd2 Qe7 5.Bg2 Nc6 6.Nf3 Bxd2+ 7.Nbxd2 a5 8.c5 e5
9.dxe5 Nxe5 10.Qc2 d6 11.cxd6 Qxd6 12.O-O O-O 13.Nxe5 Qxe5 14.Nf3 Qe7 15.Rfd1 Re8
16.Nd4 c5 17.Nb5 Bg4 18.Nd6 Reb8 19.h3 Ra6 20.Qxc5 Bxe2 21.Rd2 Nd7 22.Qc7 Bh5
23.Nf5  1-0

[Event "Aceimar op 6th"]
[Site "Mondariz Balneario"]
[Date "1999.08.01"]
[Round "6"]
[White "Franco Alonso, Alejandro"]
[Black "Pogorelov, Ruslan"]
[Result "1-0"]
[WhiteElo "2204"]
[BlackElo "2489"]

1.d4 Nf6 2.c4 e6 3.g3 Bb4+ 4.Bd2 Be7 5.Bg2 d5 6.Nf3 O-O 7.O-O c6 8.Qc2 b6
9.Bf4 Bb7 10.Rd1 Nbd7 11.Nc3 Nh5 12.Bc1 f5 13.b3 Rc8 14.Bb2 Bd6 15.e3 Qe7
16.Ne2 Nhf6 17.Nf4 Ne4 18.Ne5 g5 19.Nfd3 Qg7 20.a4 Nxe5 21.dxe5 Be7 22.a5 Nc5
23.axb6 axb6 24.Ra7 Ra8 25.Rda1 Nxd3 26.Qxd3 Rxa7 27.Rxa7 Bc5 28.cxd5 cxd5
29.Qb5 Qc7 30.b4 Be7 31.Bd4 Ra8 32.Rxa8+ Bxa8 33.Qe8+ Bf8 34.Qxa8 Qc1+ 35.Bf1  1-0

[Event "MK Cafe Cup-A"]
[Site "Koszalin"]
[Date "1999.08.04"]
[Round "2"]
[White "Przedmojski, Rafal"]
[Black "Kveinys, Aloyzas"]
[Result "1/2-1/2"]
[WhiteElo "2405"]
[BlackElo "2515"]

1.d4 Nf6 2.c4 e6 3.g3 Bb4+ 4.Bd2 a5 5.Bg2 d6 6.Nc3 Nbd7 7.e3 c6 8.a3 Bxc3
9.Bxc3 a4 10.Nf3 Ne4 11.Qc2 Nxc3 12.Qxc3 O-O 13.O-O Qe7 14.Rac1 Re8 15.c5 d5
16.Ne5 Nxe5 17.dxe5 Bd7 18.b4 axb3 19.Qxb3 Ra7 20.Rfd1 Rea8 21.Rd4 b5 22.cxb6 Qxa3
23.Qxa3 Rxa3 24.Rb4 Kf8 25.e4 Ke7 26.Bh3 Ra1 27.Rxa1 Rxa1+ 28.Kg2 Ra8 29.Kf3 Rb8
30.Ke3 c5 31.Rb2 d4+ 32.Kd3 f6 33.f4 Bc6 34.Kc4 Bxe4 35.Kxc5 Rd8 36.b7 Rb8
37.Kxd4 Rxb7 38.Rxb7+  1/2-1/2

[Event "Budapest  Agro GM"]
[Site "Budapest"]
[Date "1999.08.05"]
[Round "7"]
[White "Ruck, Robert"]
[Black "Cao Sang"]
[Result "1/2-1/2"]
[WhiteElo "2485"]
[BlackElo "2501"]

1.d4 Nf6 2.c4 e6 3.g3 Bb4+ 4.Bd2 Be7 5.Bg2 O-O 6.Nf3 d5 7.Qc2 b6 8.O-O Bb7
9.cxd5 exd5 10.Nc3 c5 11.Rad1 Nbd7 12.Bf4 Rc8 13.dxc5 Rxc5 14.Ne5 Nxe5 15.Bxe5 Qa8
16.Bd4 Rcc8 17.Qf5 Rfe8 18.Rd3 Bc6 19.Rfd1 b5 20.a3 h6 21.Re3 Qb7 22.Bxf6 Bxf6
23.Nxd5 Bxd5 24.Bxd5 Qb6 25.Qd7 Rf8 26.Bxf7+ Kh8 27.Bb3 Bxb2 28.a4 bxa4 29.Qxa4 Rxf2
30.Re6 Qc5 31.Kh1 Rcf8 32.Re8 Rxh2+ 33.Kxh2 Qh5+ 34.Kg2 Rxe8 35.Rd2 Bc3 36.Rc2 Rf8
37.Qxa7 Be1 38.Qe3 Qb5 39.Rc4 Qb7+ 40.Re4 Ba5 41.Kh2 Bb6 42.Rb4 Rb8 43.Bd5 Qxd5
44.Rxb6 Qh5+ 45.Kg1 Rxb6 46.Qxb6 Qxe2 47.Qc6 Kh7 48.Qd6 Qf3 49.Qe5 Kg6 50.Qc7 Qf7
51.Qe5 Qf6 52.Qe4+ Qf5 53.Qd4 Qf3 54.Qe5 h5 55.Qd6+ Qf6 56.Qd3+ Kg5 57.Kg2 Qb2+
58.Kh3 Qf2 59.Qd8+ Kg6 60.Qe8+ Qf7 61.Qxf7+ Kxf7 62.g4  1/2-1/2

[Event "MK Cafe Cup-A"]
[Site "Koszalin"]
[Date "1999.08.12"]
[Round "9"]
[White "Haba, Petr"]
[Black "Eingorn, Vereslav S"]
[Result "0-1"]
[WhiteElo "2544"]
[BlackElo "2589"]

1.d4 Nf6 2.c4 e6 3.g3 Bb4+ 4.Nd2 d5 5.Bg2 Nc6 6.Nf3 dxc4 7.O-O c3 8.Nc4 O-O
9.Qb3 cxb2 10.Bxb2 Be7 11.Rfd1 Qe8 12.Rac1 Bd7 13.Nfe5 Nxe5 14.dxe5 Nd5 15.Rd4 b6
16.e4 Ba4 17.Qf3 Nb4 18.Nd6 cxd6 19.exd6 e5 20.dxe7 Qxe7 21.Rdc4 Bb5 22.Rc7 Qd6
23.Qh5 Nd3 24.Bf1 Nxc1 25.Bxe5 Ne2+ 26.Kg2 Qd1 27.Qg5 Nf4+ 28.gxf4 Qxf1+
29.Kf3 Qh3+  0-1

[Event "CRO-chT"]
[Site "Pula"]
[Date "1999.09.17"]
[Round "8"]
[White "Sulava, Nenad"]
[Black "Franic, Milan"]
[Result "1-0"]
[WhiteElo "2467"]
[BlackElo "2422"]

1.d4 Nf6 2.c4 e6 3.g3 Bb4+ 4.Bd2 Bxd2+ 5.Qxd2 d5 6.Bg2 O-O 7.Nf3 Qe7 8.O-O Rd8
9.Qc2 b6 10.Rc1 c6 11.cxd5 exd5 12.Ne5 c5 13.b4 c4 14.Nxc4 Nc6 15.Qb2 Bb7
16.Ne5 Nxe5 17.dxe5 Ng4 18.Qd4 Nxe5 19.Nc3 Qe6 20.Rd1 Nc6 21.Qf4 d4 22.Nb5 Rac8
23.Nxa7 Nxa7 24.Bxb7 Rc4 25.Bf3 Rxb4 26.a4 h6 27.Qc7 Rd7 28.Qb8+ Kh7 29.Rab1 Nc6
30.Qa8 Rxb1 31.Rxb1 Ne5 32.Bg2 g6 33.Qe4 f5 34.Qc2 d3 35.exd3 Nxd3 36.h3 Qd6
37.Rd1 Qc5 38.Qa2 Kg7 39.Qe2 Ne5 40.Rb1  1-0

[Event "ch-ESP (team) Div 2"]
[Site "Cala Galdana ESP"]
[Date "1999.11.09"]
[Round "2"]
[White "Ricardi,P"]
[Black "Lopez Martinez,J"]
[Result "0-1"]
[WhiteElo "2474"]
[BlackElo "2378"]

1.d4 Nf6 2.c4 e6 3.g3 Bb4+ 4.Bd2 Qe7 5.Bg2 Nc6 6.Nf3 Bxd2+ 7.Nbxd2 a5 8.O-O d6
9.e4 e5 10.d5 Nb8 11.c5 O-O 12.cxd6 cxd6 13.Nh4 Na6 14.a3 Bd7 15.Nc4 Nc5
16.Re1 a4 17.Rc1 b5 18.Ne3 g6 19.f3 Rab8 20.Bf1 b4 21.Nc4 Ne8 22.axb4 Rxb4
23.Qd2 Rb8 24.Qf2 Nb3 25.Rc3 Bb5 26.f4 Bxc4 27.Bxc4 Nd4 28.Nf3 Nxf3+ 29.Rxf3 Rb4
30.Bf1 exf4 31.Rxf4 Qe5 32.Re2 Kg7 33.Qa7 Rxb2 34.Rxb2 Qxb2 35.Qxa4 Nf6 36.Qa7 Qe5
37.Bg2 Rc8 38.Rf1 Rc2 39.Qa1 Rb2 40.Qa7 h5 41.Rf2 Rxf2 42.Qxf2 Nxe4 43.Bxe4 Qxe4
44.Qb2+ Qe5 45.Qd2 f5 46.Kg2 Kf6 47.Kh3 g5 48.Kg2 f4 49.gxf4 gxf4 50.Kf1 Qe4
51.Qc3+ Kf5 52.Qc8+ Kg5 53.Qd8+ Kg4 54.Qd7+ Kh4 55.Qxd6 Qh1+ 56.Kf2 Qxh2+
57.Kf1 Qh3+ 58.Kf2 Qe3+ 59.Kf1 Qf3+ 60.Kg1 Qg4+ 61.Kf1 Kg3 62.Qe5 Qd1+ 63.Qe1+ Qxe1+
64.Kxe1 h4 65.d6 h3 66.d7 h2 67.d8=Q h1=Q+ 68.Kd2 Qg2+ 69.Kd1 f3 70.Qg5+ Kh2
71.Qh4+ Kg1 72.Qd4+ f2  0-1

[Event "Eu Team Ch"]
[Site "Batumi GEO"]
[Date "1999.12.02"]
[Round "4"]
[White "Cvitan,O"]
[Black "Gelashvili,T"]
[Result "0-1"]
[WhiteElo "2511"]
[BlackElo "2531"]

1.d4 Nf6 2.c4 e6 3.g3 Bb4+ 4.Bd2 Be7 5.Bg2 d5 6.Nf3 O-O 7.O-O c6 8.Qc2 b6
9.Rd1 Bb7 10.b3 Nbd7 11.Nc3 Rc8 12.e4 c5 13.exd5 exd5 14.Bf4 Re8 15.dxc5 dxc4
16.b4 a5 17.a3 axb4 18.axb4 bxc5 19.b5 Ra8 20.Rab1 Ra3 21.Ne5 Bxg2 22.Kxg2 Qa8+
23.Nc6 Nb6 24.Kg1 Nfd7 25.Bc1 Rb3 26.Rxb3 cxb3 27.Qxb3 Bf6 28.Nd5 c4 29.Nxf6+ Nxf6
30.Qc2 Nfd5 31.Bb2 Nc7 32.Qf5 Qa4 33.Qg4 c3 34.Qxa4 Nxa4 35.Bc1 Nxb5 36.Be3 Kf8
37.Ra1 Rc8 38.Nb4 Nb2 39.Ra5 Nd6 40.Rc5 Rxc5 41.Bxc5 Nc4 42.Kf1 f5 43.Ke2 Kf7
44.f3 Nb5 45.f4 Nb2 46.Nc2 Na4 47.Bb4 Ke6 48.Ne3 Nb2 49.Bc5 g6 50.h3 h5 51.Bb6 Kd6
52.g4 fxg4 53.hxg4 h4 54.Nc2 Nc4 55.Bd8 h3 56.Kf2 Kd7 57.Bh4 Nba3 58.Nxa3 Nxa3
59.Bf6 c2 60.Bb2 Nb5 61.f5 g5 62.Bc1 Nc3 63.Kf3 Ne4 64.Be3 Kc6 65.Bc1 Kd5
66.Be3 Kc4 67.f6 Nxf6 68.Bxg5 Nxg4 69.Kg3 h2 70.Kg2 Kd3 71.Bc1 Ke2 72.Kh1 Kf3
73.Bd2 Kg3  0-1

[Event "Cairnhill Open"]
[Site "Singapore SIN"]
[Date "1999.12.09"]
[Round "2"]
[White "Khegai,A"]
[Black "Koh Kum Hong"]
[Result "1/2-1/2"]
[WhiteElo "2200"]
[BlackElo "2287"]

1.d4 Nf6 2.c4 e6 3.g3 Bb4+ 4.Bd2 Bxd2+ 5.Qxd2 d6 6.Nc3 O-O 7.Bg2 c6 8.Nf3 Qe7
9.O-O Nbd7 10.Rad1 Re8 11.e4 e5 12.dxe5 dxe5 13.Qd6 Qxd6 14.Rxd6 Nc5 15.Nh4 a5
16.Rfd1 a4 17.Rd8 Be6 18.Rxe8+ Rxe8 19.Nf5 Bxf5 20.exf5 Kf8 21.f3 Ke7 22.Kf2 Rd8
23.Rxd8 Kxd8 24.Ke3 Ke7 25.Bf1 Nfd7 26.Be2 f6 27.Nd1 Nb6 28.Nc3 Nc8 29.Ne4 Nxe4
30.fxe4 Kd6 31.Kd3 Kc5 32.Kc3 Nd6 33.Bd3 b5 34.cxb5 cxb5 35.a3 Nb7 36.Bc2 Na5
37.Bd1 Nc6 38.g4 h6 39.Be2 Nd4 40.Bd1 Kb6 41.Kd3 Kc5 42.Kc3  1/2-1/2

[Event "5th Gudmundur Arason"]
[Site "Hafnarfjordur ISL"]
[Date "1999.12.13"]
[Round "2"]
[White "Raetsky,A"]
[Black "Karlsson,A"]
[Result "0-1"]
[WhiteElo "2408"]
[BlackElo "2305"]

1.d4 e6 2.c4 Nf6 3.g3 Bb4+ 4.Bd2 Qe7 5.Bg2 O-O 6.Nc3 d5 7.cxd5 Bxc3 8.Bxc3 exd5
9.Nf3 Re8 10.Ne5 Ne4 11.O-O Nd7 12.Nd3 c6 13.Bb4 Qf6 14.e3 Qh6 15.Re1 a5
16.Bd2 Nb6 17.Bc1 Qf6 18.f3 Ng5 19.Nf4 Ne6 20.Nxe6 Bxe6 21.e4 dxe4 22.fxe4 Red8
23.Be3 Nc4 24.Bf2 Nxb2 25.Qc2 Nc4 26.d5 b5 27.e5 Nxe5 28.dxe6 Qxe6 29.Qc5 f6
30.Bd4 Rac8 31.Bxe5 fxe5 32.Rxe5 Qg4 33.Rae1 Rd1 34.Qe3 Rxe1+ 35.Qxe1 Qd4+
36.Kh1 Kf8 37.h4 Qd6 38.Re6  0-1

[Event "7th Solana It 2nd event"]
[Site "Solin CRO"]
[Date "1999.12.17"]
[Round "8"]
[White "Tukmakov,V"]
[Black "Kurajica,B"]
[Result "1-0"]
[WhiteElo "2557"]
[BlackElo "2541"]

1.d4 Nf6 2.c4 e6 3.g3 Bb4+ 4.Bd2 Qe7 5.Bg2 O-O 6.Nf3 Bxd2+ 7.Qxd2 d6 8.Nc3 e5
9.O-O Re8 10.e4 Bg4 11.Ne1 exd4 12.Qxd4 Nc6 13.Qd2 a5 14.f3 Be6 15.Nd5 Qd8
16.Nc2 Ne5 17.Nce3 Bxd5 18.cxd5 Ned7 19.Nf5 g6 20.Nd4 Nc5 21.Rac1 Nfd7 22.Rc3 Nb6
23.Bh3 Qf6 24.Rfc1 Qe5 25.g4 h6 26.b3 Qg5 27.Qxg5 hxg5 28.a3 Nbd7 29.Bf1 Ne5
30.Kg2 c6 31.Kg3 cxd5 32.exd5 Rf8 33.h4 gxh4+ 34.Kxh4 Kg7 35.Kg3 Rad8 36.Bb5 Rh8
37.b4 axb4 38.axb4 Na6 39.Bxa6 bxa6 40.f4 Nd7 41.Rc7 Rh7 42.Nc6 Rdh8 43.Rxd7 Rh2
44.Kf3 R8h3+ 45.Ke4 Re2+ 46.Kd4 Rf2 47.Rxd6  1-0

[Event "Weihnachtsopen"]
[Site "Zurich SUI"]
[Date "1999.12.27"]
[Round "3"]
[White "Loetscher,R"]
[Black "Ekstroem,R"]
[Result "1/2-1/2"]
[WhiteElo "2209"]
[BlackElo "2501"]

1.d4 Nf6 2.c4 e6 3.g3 Bb4+ 4.Bd2 Qe7 5.Nf3 Nc6 6.Nc3 Bxc3 7.Bxc3 Ne4 8.Rc1 O-O
9.Bg2 d6 10.O-O Nxc3 11.Rxc3 a5 12.c5 e5 13.cxd6 cxd6 14.dxe5 dxe5 15.Nd2 Rd8
16.Bxc6 bxc6 17.Qc2 Be6 18.Nc4 Qc7 19.Ne3 Rd6 20.Rc1 Rad8 21.Rxc6 Rxc6 22.Qxc6 Qxc6
23.Rxc6 Rd2 24.Ra6 Kf8 25.Kf1 Rxb2 26.Rxa5 e4 27.a3 Rb1+ 28.Kg2 Re1 29.Nc2 Rxe2
30.Nd4 Ra2 31.Nxe6+ fxe6 32.Re5 Kf7 33.Rxe4 Rxa3  1/2-1/2